000 00877nam a2200265 u 4500
001 000082480
005 20200120224743.0
008 130417s2010 ck gr| 000 0 spa d
020 _a9789589845875
041 0 _ack
043 _as-ck---
082 0 4 _a927.861
_bE52
_221
245 1 0 _aElemental :
_bvida y obra de María Teresa Hincapié.
250 _a1a ed.
260 _aBogotá :
_bLaguna Libros,
_c2010.
300 _a195 páginas :
_bilustraciones.
500 _aIncluye índice
504 _aIncluye bibliografía p. 187-195
600 1 7 _aHincapié, María Teresa
_xBiografía
_y1954-2008
600 1 7 _aHincapié, María Teresa
_xHomenjes póstumos
600 1 7 _aHincapié, María Teresa
_xTrabajos pictoricos
600 1 7 _aHincapié, María Teresa
_xEscritos
650 1 7 _aArtistas colombianas
_ySiglo XXI
_2LEMB
650 2 7 _aTeatro colombiano
_ySiglo XXI
_2LEMB
999 _c10884
_d10884